Nâng cao năng lực công nghệ thông tin cho cán bộ chủ chốt cấp phường xã tại Thành phố Hồ Chí Minh /

Gespeichert in:
Bibliographische Detailangaben
1. Verfasser: Nguyễn Xuân Tế.
Format: Artikel
Sprache:Vietnamese
Schlagworte:
Tags: Tag hinzufügen
Keine Tags, Fügen Sie den ersten Tag hinzu!
Thư viện lưu trữ: Thư viện Trường Đại học Đà Lạt
LEADER 00830nam a2200277 4500
001 DLU060056798
040 # # |a DLU  |b vie 
041 # # |a vie 
044 # # |a vn 
100 # # |a Nguyễn Xuân Tế. 
245 # # |a Nâng cao năng lực công nghệ thông tin cho cán bộ chủ chốt cấp phường xã tại Thành phố Hồ Chí Minh /  |c Nguyễn Xuân Tế. 
653 # # |a Cán bộ 
653 # # |a Công nghệ thông tin 
653 # # |a Tin học 
773 # # |t Khoa học xã hội  |g Số 10, 2006, tr. 20-24 
920 # # |a Phòng Tạp chí -- Trung tâm Thông tin - Thư viện Trường Đại học Đà Lạt 
933 # # |a CT 
994 # # |a DLU 
900 # # |a True 
911 # # |a Nguyễn Thị Minh Cầm 
925 # # |a G 
926 # # |a A 
927 # # |a BB 
980 # # |a Thư viện Trường Đại học Đà Lạt